000 00637nam a2200217 a 4500
001 13916
003 CO-ViMGA
008 141112s2004 ck r 000 u spa d
020 _a84801131403
040 _aCO-ViMGA
_bspa
_cCO-ViMGA
082 0 4 _a611.73J453c
100 1 _aJimenez, Javier
_920290
245 1 0 _aColumna vertebral y medio acuatico :
_bejercicios preventivos y terapeuticos
260 _aMadrid :
_bGymnos,
_c1998
300 _a252
590 _aForma de adquisición : Compra
650 1 4 _aCOLUMNA VERTEBRAL
_920291
650 1 4 _aEJERCICIOS TERAPEUTICOS
_951124
650 1 4 _aMEDICINA DEPORTIVA
_93224
942 _2ddc
_cBK
999 _c24618
_d24618